Generaciones, entre palabras y miradas II Documentales realizados por alumnos de escuelas secundarias /

Cortos audiovisuales realizados por jóvenes de escuelas y organizaciones sociales en el marco del Programa Jóvenes y Memoria de la Comisión provincial por la Memoria. El DVD 2 está integrado por cinco trabajos que recuperan testimonios acerca del impacto de la guerra de Malvinas y plantean debates t...

Descripción completa

Guardado en:
Autores Corporativos: Programa Jóvenes y Memoria., Comisión Provincial por la memoria.
Formato: Deslizar
Idioma:Undetermined
Publicado: La Plata, 2011.
Series:Colección Jóvenes y memoria ; 6
Materias:
Acceso en línea:https://www.comisionporlamemoria.org/jovenesymemoria/colecciones/vol-6/
Etiquetas: Agregar Etiqueta
Sin Etiquetas, Sea el primero en etiquetar este registro!
LEADER 02158ngm a22003375a 4500
001 CEM.cems019892
008 221214s2011####xx#---############vlund#d
005 20221214204513.0
245 1 0 |a Generaciones, entre palabras y miradas II  |h [videograbación] :  |b Documentales realizados por alumnos de escuelas secundarias /  |c Programa Jóvenes y Memoria. Comisión provincial por la Memoria. 
260 |a La Plata,  |c 2011. 
300 |a 15'. 
490 1 |a Colección Jóvenes y memoria ;  |v 6 
500 |a DVD 2. Malvinas. 
505 0 |a 1.Que el título lo ponga Carlos -- 2. Mi escuela Sixto Fajardo -- 3. Malvinas voces de una guerra -- 4. Malvinas, pasado, presente y futuro -- 5. Malvinas, otra mirada -- Duración aproximada de cada cortometraje 15 minutos. Duración total aproximada: 75'. 
520 |a Cortos audiovisuales realizados por jóvenes de escuelas y organizaciones sociales en el marco del Programa Jóvenes y Memoria de la Comisión provincial por la Memoria. El DVD 2 está integrado por cinco trabajos que recuperan testimonios acerca del impacto de la guerra de Malvinas y plantean debates todavía ausentes acerca del conflicto. Producciones realizadas por estudiantes del Instituto América Latina, Isidro Casanova y ESBN°119, Gregorio de Laferrere de La Matanza, EEMN°207, General Villegas y la ESB N°57, Villa Elisa, La Plata. 
538 |a Soporte: DVD -- Formato: DVD -- Peso: 3,38 gb -- Resolución: 720 x 576 -- 25fps - PAL 
500 |a Hacia una pedagogía de la memoria -- Pasado reciente -- Modelos para armar II. 
590 |a No funciona el corto No matarás (una cuestión de Estado) parte II 
110 2 |a Programa Jóvenes y Memoria. 
710 2 |a Comisión Provincial por la memoria. 
653 |a ARGENTINA 
653 |a HISTORIA 
653 |a DICTADURA 
653 |a JÓVENES Y MEMORIA 
653 |a COMISIÓN POR LA MEMORIA 
653 |a TERRORISMO DE ESTADO 
653 |a ESTUDIANTES 
653 |a DERECHOS HUMANOS 
653 |a MALVINAS 
856 |u https://www.comisionporlamemoria.org/jovenesymemoria/colecciones/vol-6/ 
859 |a CEMS  |b BIB. CEMS - Depto. Recursos Didacticos  |h 982  |i JOV-3  |k DRD  |p 2947.22  |t Ej.1